Statistics for Biggest Fresh Water Fish

Click here to take the quiz!

General Stats

  • This quiz has been taken 87 times
  • The average score is 4 of 10

Answer Stats

PositionFish% Correct
#4Mekong Giant Catfish
88%
#1Beluga Sturgeon
78%
#2White Sturgeon
78%
#5Alligator Gar
50%
#7Bull Shark
38%
#3Giant Fresh Water Stingray
34%
#6Arapaima
30%
#9Nile Perch
23%
#10Paddlefish
23%
#8Taimen
7%

Score Distribution

Percentile by Number Answered

Percent of People with Each Score

Your Score History

You have not taken this quiz